Рудные формации эндогенных месторождений. Т. 1: Формации эндогенных месторождений вольфрама, олова и флюорита (Запись № 13694783)

Подробности
000 -МАРКЕР
контрольное поле 01505nam2a22003011 4500
001 - ИДЕНТИФИКАТОР ЗАПИСИ
контрольное поле RU\NLR\BIBL_A\022788287
005 - ИДЕНТИФИКАТОР ВЕРСИИ
контрольное поле 20260426073533.0
021 ## - НОМЕР ГОСУДАРСТВЕННОЙ РЕГИСТРАЦИИ
Код страны Российская Федерация
Номер 76-82638
035 ## - ДРУГИЕ СИСТЕМНЫЕ НОМЕРА
Идентификатор записи (NLR Aleph) 022788287
035 ## - ДРУГИЕ СИСТЕМНЫЕ НОМЕРА
Идентификатор записи (RuMoRGB)006819455
035 ## - ДРУГИЕ СИСТЕМНЫЕ НОМЕРА
Идентификатор записи (RuMoELAR)1975-76-20084361
100 ## - ДАННЫЕ ОБЩЕЙ ОБРАБОТКИ
Данные общей обработки 20260417d1976 u y0rusy50 ca
101 0# - ЯЗЫК РЕСУРСА
Язык текста, звукозаписи и т.д. русский
102 ## - СТРАНА ПУБЛИКАЦИИ ИЛИ ПРОИЗВОДСТВА
Страна публикации Российская Федерация
105 ## - ПОЛЕ КОДИРОВАННЫХ ДАННЫХ: ТЕКСТОВЫЕ МАТЕРИАЛЫ, МОНОГРАФИЧЕСКИЕ
Кодированные данные о монографическом текстовом документе y||||||||||||
200 1# - ЗАГЛАВИЕ И СВЕДЕНИЯ ОБ ОТВЕТСТВЕННОСТИ
Основное заглавие Формации эндогенных месторождений вольфрама, олова и флюорита
Первые сведения об ответственности [М. М. Повилайтис, Г. А. Тананаева, Г. Н. Комарова]
210 ## - ПУБЛИКАЦИЯ, РАСПРОСТРАНЕНИЕ И ДР.
Дата издания, распространения и т.д. 1976
215 ## - ФИЗИЧЕСКАЯ ХАРАКТЕРИСТИКА
Специфическое обозначение материала и объем 343 с.
320 ## - ПРИМЕЧАНИЯ О НАЛИЧИИ В ДОКУМЕНТЕ БИБЛИОГРАФИИ / УКАЗАТЕЛЯ
Текст примечания Список лит.: с. 323-342
461 #0 - УРОВЕНЬ НАБОРА
Встроенное поле 001RU\NLR\BIBL_A\022788282
-- 2001#$aРудные формации эндогенных месторождений$e[В 2 т.$fОтв. ред. Г. А. Соколов]$gАН СССР. Ин-т геологии рудных месторождений, петрографии, минералогии и геохимии$vТ. 1
Системный номер (АБИС) связанной записи 13694781
Место публикации Москва
Дата публикации 1976-
Первые сведения об ответственности Отв. ред. Г. А. Соколов]
Имя издателя, распространителя и т.д. Наука
Сведения, относящиеся к заглавию [В 2 т.
Заглавие Рудные формации эндогенных месторождений
Номер тома Т. 1
701 #1 - ИМЯ ЛИЦА - АЛЬТЕРНАТИВНАЯ ОТВЕТСТВЕННОСТЬ
Начальный элемент ввода Повилайтис
Часть имени, кроме начального элемента ввода М. М.
Расширение инициалов личного имени Маргарита Максимовна
701 #1 - ИМЯ ЛИЦА - АЛЬТЕРНАТИВНАЯ ОТВЕТСТВЕННОСТЬ
Начальный элемент ввода Тананаева
Часть имени, кроме начального элемента ввода Г. А.
701 #1 - ИМЯ ЛИЦА - АЛЬТЕРНАТИВНАЯ ОТВЕТСТВЕННОСТЬ
Начальный элемент ввода Комарова
Часть имени, кроме начального элемента ввода Г. Н.
852 ## - МЕСТОНАХОЖДЕНИЕ И ШИФР ХРАНЕНИЯ
Идентификатор организации NLR
Шифр хранения (Call Number) 77-5/2732
942 ## - ДОПОЛНИТЕЛЬНЫЕ ЭЛЕМЕНТЫ ЗАПИСИ (АБИС)
Тип экземпляра АБИС Книга
980 ## - КОЛЛЕКЦИЯ
Название коллекции Национальная библиография

Нет доступных экземпляров.